|
|
|
|
| LEADER |
00626cam a2200181 7i4500 |
| 001 |
0000009844 |
| 005 |
20080827090000.0 |
| 008 |
080415 bm |
| 020 |
|
|
|a 9676906816
|
| 050 |
0 |
0 |
|a BP163 YUN 2006
|
| 090 |
0 |
0 |
|a BP163
|b .Y86 2006
|
| 100 |
1 |
|
|a Yunoos, Jahaberdeen Mohamed
|
| 245 |
1 |
0 |
|a Islam :
|b antara isi dan kulit
|c Jahaberdeen Mohamed Yunoos.
|
| 260 |
|
|
|a Batu Caves, Selangor:
|b Thinker's Library,
|c 2006.
|
| 300 |
|
|
|a x, 295 p.;
|c 23 cm.
|
| 650 |
0 |
0 |
|a Islam --
|x Doctrines
|
| 999 |
|
|
|a 0000030168
|b BOK
|c OPEN SHELF
|e 1st Floor, Bestari Jaya
|
| 999 |
|
|
|a 0000031654
|b BOK
|c OPEN SHELF
|e 1st Floor, Bestari Jaya
|